Szicíliai Diodóros csataleírásainak motivikus egyezései a Bibliothéké Historikében [absztrakt] /

Elmentve itt :
Bibliográfiai részletek
Szerző: Rompos Laura
Testületi szerző: Országos Tudományos Diákköri Konferencia (37.)
További közreműködők: Diodoros Sikeliotes
Dokumentumtípus: Könyv része
Megjelent: Szegedi Tudományegyetem Bölcsészet- és Társadalomtudományi Kar Szeged 2025
Sorozat:Országos Tudományos Diákköri Konferencia : Humán Tudományi Szekció
Kulcsszavak:Történetírás - ókori - görög - előadáskivonat, Görögország története - ókor - forrás - előadáskivonat
Tárgyszavak:
Online Access:http://acta.bibl.u-szeged.hu/87557
LEADER 01088naa a2200229 i 4500
001 acta87557
005 20250528144606.0
008 250528s2025 hu o 100 hun d
020 |a 978-963-688-043-9 
040 |a SZTE Egyetemi Kiadványok Repozitórium  |b hun 
041 |a hun 
100 1 |a Rompos Laura 
245 1 0 |a Szicíliai Diodóros csataleírásainak motivikus egyezései a Bibliothéké Historikében   |h [elektronikus dokumentum] :  |b [absztrakt] /  |c  Rompos Laura 
260 |a Szegedi Tudományegyetem Bölcsészet- és Társadalomtudományi Kar  |b Szeged  |c 2025 
300 |a 191 
490 0 |a Országos Tudományos Diákköri Konferencia : Humán Tudományi Szekció 
650 4 |a Bölcsészettudományok 
650 4 |a Történettudomány és régészet 
695 |a Történetírás - ókori - görög - előadáskivonat, Görögország története - ókor - forrás - előadáskivonat 
700 0 3 |a Diodoros Sikeliotes  
710 |a Országos Tudományos Diákköri Konferencia (37.)  |c Szeged 
856 4 0 |u http://acta.bibl.u-szeged.hu/87557/1/otdk_2025_human_191.pdf  |z Dokumentum-elérés